000 00308nam a22001337a 4500
008 170612b xxu||||| |||| 00| 0 eng d
020 _a9780803946743
041 _aeng
080 _a32
100 _a19
101 _aSHP
245 _aCURRENT COTRAVERSIES & FAMILY VIOLENCE
_cGELLES, R.J
942 _2udc
_cBK
999 _c17036
_d17036